[Event "MTS Logistics GM SERIES-7"]
[Site "?"]
[Date "2018.01.07"]
[Round "3.1"]
[White "Soysal, Serkan"]
[Black "Kozul, Zdenko"]
[Result "0-1"]
[WhiteElo "2400"]
[BlackElo "2626"]
[Annotator "TA"]
[PlyCount "102"]
[EventDate "2018.??.??"]
[EventType "schev"]
[EventCountry "TUR"]
[SourceTitle "Izmir"]

{[%evp 24,102,55,46,33,37,53,35,52,66,65,7,7,23,15,6,42,22,35,48,43,27,85,81,95,99,99,103,103,90,77,75,88,79,71,73,114,68,54,62,65,20,29,0,0,0,13,0,0,0,0,0,0,0,0,0,0,0,0,0,0,-7,0,0,0,0,0,0,0,0,0,-2188,-1654,-29977,-29978,-29978,-29979,-29985,-29986,-29985,-29982]} 1. d4 Nf6 2. c4 d6 3. Nc3 Nbd7 4. e4 e5 5. Nf3 g6 6. g3 Bg7 7. Bg2 O-O 8. O-O a6 9. Re1 exd4 10. Nxd4 Ne5 11. b3 c5 12. Nc2 Rb8 13. a4 {LiveBook: 7 Games. E68: King's Indian: Fianchetto: 6...Nbd7 7 0-0 e5 8 e4} Ne8 14. Bb2 Nc7 15. Rb1 {[#] White is slightly better.} b5 $146 ({Predecessor:} 15... Re8 16. h3 Nc6 17. Re2 b5 18. axb5 axb5 19. Rd2 Re6 20. Nxb5 Nxb5 21. Bxg7 Kxg7 22. cxb5 Rxb5 {½-½ (75) Guliev,S (2485)-Korobov,A (2657) Abu Dhabi 2010}) 16. axb5 axb5 17. cxb5 ({White should try} 17. f4 $1 $14 Bg4 18. Qd2) 17... Nxb5 $11 18. Nxb5 Rxb5 19. f4 {[%cal Bf2f4,Bf4e5][%mdl 32] Strongly threatening Na3.} Bg4 20. Qd2 Rxb3 {Threatens to win with ...Nc4.} 21. fxe5 Qb6 $1 22. Na3 {[%cal Bc2a3,Ba3b1,Bb1c3][%mdl 32]} Be6 (22... Rb8 $1 $11 {keeps the balance.}) 23. Bc3 $16 {aiming for Ba5.} Ra8 24. Rxb3 Qxb3 {[#]} 25. Nb1 $1 Bxe5 26. Bxe5 dxe5 27. Nc3 Qb4 28. Rc1 Qd4+ 29. Qf2 Rb8 30. Nd5 Rb2 31. Qxd4 cxd4 32. h3 h5 33. Rd1 Kf8 34. Ra1 Kg7 35. Rd1 f5 36. exf5 Rxg2+ 37. Kxg2 Bxd5+ $11 {[%mdl 4096] Endgame KR-KB} 38. Kf2 {Hoping for Re1.} gxf5 39. Rb1 {Rb5 is the strong threat.} Kf6 40. Rb6+ Be6 41. Rb4 Ke7 42. Rb7+ Bd7 43. Rb6 Ba4 44. Rh6 Be8 45. Rb6 {[#]} h4 $1 {[%mdl 512]} 46. g4 (46. gxh4 f4) 46... f4 47. Kf3 $2 {[%mdl 8192]} (47. Ke1 $11) 47... d3 $19 {[%cal Bd4d3,Bd3d2][%mdl 32]} 48. Ra6 Bb5 {Black mates.} 49. Ra7+ Ke6 50. g5 d2 51. Ra1 {[#]} Ba4 $1 {[%mdl 512] Precision: White = 59%, Black = 63%.} 0-1

[Event "MTS Logistics GM SERIES-7"]
[Site "?"]
[Date "2018.01.07"]
[Round "3.2"]
[White "Ozenir, Ekin Baris"]
[Black "Belov, Vladimir"]
[Result "0-1"]
[WhiteElo "2370"]
[BlackElo "2614"]
[Annotator "TA"]
[PlyCount "202"]
[EventDate "2018.??.??"]
[EventType "schev"]
[EventCountry "TUR"]
[SourceTitle "Izmir"]

{[%evp 9,202,-3,0,-2,0,-6,0,0,0,-4,27,16,17,0,0,-13,0,-30,-5,-62,-38,-61,-60,-53,-54,-102,-60,-60,-64,-62,-51,-51,-56,-107,-100,-113,-106,-103,-30,-28,-22,-22,0,-22,-19,-30,0,-35,-7,-108,-118,-91,7,16,14,0,18,-25,-22,-97,-65,-56,-21,-27,-30,-25,-12,-25,0,0,0,0,0,0,0,0,0,0,0,0,0,-97,-105,-99,-95,-110,-113,-100,-121,-111,-133,-155,-130,-147,-140,-125,0,0,0,-118,0,0,0,0,0,0,-2,-2,0,0,0,-32,0,-30,-30,-70,-70,-181,-101,-105,-97,-101,-79,-74,-65,-65,-65,-65,-65,-65,-65,-65,-65,-65,-65,-65,-65,-65,-65,-65,-65,-65,-65,-65,-65,-65,-65,-65,-65,-65,-65,-65,0,-65,-65,-65,-65,-65,-65,-65,-65,-65,-65,-65,-65,-65,-65,-65,-65,-65,-65,-65,-65,-65,-65,-1188,-1007,-1027,-984,-941,-560,-509,-279,-12833,-12836,-12839,-12839,-12840,-12840,-12843,-12843,-12846,-12847,-12847,-12847]} 1. d4 Nf6 2. Bg5 d5 3. e3 g6 4. Bxf6 exf6 5. Nd2 f5 6. g3 {D00: 1 d4 d5: Unusual lines} Nd7 7. Bg2 c6 8. Ne2 {The position is equal.} h5 $146 ({Predecessor:} 8... Nf6 9. O-O Bd6 10. c4 dxc4 11. Nxc4 Bc7 12. b4 O-O {1-0 (59) Le,Q (2712)-Cheparinov,I (2682) Dubai 2014}) 9. h4 Nb6 10. Nf4 Bd6 11. Nd3 Qe7 12. Qe2 a5 {[%cal Ba7a5,Ba5a4,Ba4a3][%mdl 32]} 13. Nf3 Kf8 14. Kf1 (14. b3 $11) 14... a4 15. Re1 Nd7 {[%cal Bb6d7,Bd7f6,Bf6e4][%mdl 32]} 16. Ng1 Nf6 17. Qd1 Ne4 18. Ne2 a3 19. b3 b6 20. c3 Ba6 21. Qc2 (21. Kg1 $15) 21... c5 $17 22. dxc5 bxc5 23. Kg1 Rd8 (23... c4 $17 24. Ndc1 cxb3 25. Nxb3 Rc8) 24. Ndf4 $1 $11 Be5 25. Rd1 Bb7 26. Qc1 Kg7 27. Qxa3 Rhe8 (27... Bxf4 $5 28. gxf4 Rhe8 $11) 28. Bxe4 fxe4 29. b4 {[#]} (29. Kg2 $11) 29... d4 $1 $17 {[%cal Rd4e3][%mdl 512]} 30. cxd4 cxb4 ({Black should play} 30... cxd4 $17 31. Nxd4 Bxd4 32. exd4 (32. Rxd4 Rxd4 33. exd4 e3 $11) 32... e3) 31. Qb2 Bd6 32. Rc1 Qd7 33. Ng2 Ra8 34. Nef4 (34. Ngf4 $11 {keeps the balance.}) 34... Kg8 {[%mdl 1024] Black has strong compensation.} 35. Kh2 Ra5 36. Rc2 Rea8 37. Qb1 Qg4 38. Rd1 Rxa2 39. Rxa2 Rxa2 40. Qxa2 Qxd1 41. Qa7 Bc8 42. Qb6 Bxf4 43. Nxf4 Qc2 {aiming for ...Bg4.} 44. Qd8+ Kh7 45. Qf8 (45. Kg1 $11 {remains equal.}) 45... Qxf2+ 46. Kh1 Qe1+ 47. Kh2 Qd2+ 48. Kh1 Qc1+ 49. Kh2 {[#]} Qb2+ $1 50. Kg1 Qb1+ 51. Kh2 {[#]} Qa2+ $1 52. Kg1 Qb1+ (52... Qb3 $17 53. d5 Qxe3+ 54. Kh2 Qf2+ 55. Kh1 Qf3+ 56. Kh2 Qc3 57. Qxf7+ Qg7) 53. Kh2 $1 $11 Qa2+ (53... Qc2+ $11 54. Ng2 Be6 55. Qxb4 Qa2) 54. Kg1 $17 Bg4 ({Better is} 54... Qb3 $17 55. d5 Qxe3+ 56. Kh2 Qf2+ 57. Kh1 Qf3+ 58. Kh2 Qc3 59. Qxf7+ Qg7) 55. Qxb4 $11 Qa1+ 56. Kf2 Qd1 (56... Qh1 $5 57. Qe1 $8 Qh2+ 58. Ng2 Kg7 $11) 57. Qe1 Qc2+ 58. Kg1 Bf3 59. d5 Qb2 60. d6 Qb6 61. Nh3 f6 62. Kh2 Qxd6 63. Ng1 (63. Qc3 $15) 63... Bg4 (63... g5 $19 {...gxh4 is the strong threat.} 64. hxg5 fxg5) 64. Qf2 Kg7 65. Qc2 Qe5 (65... Qd3 {feels hotter.} 66. Qc7+ Kf8 67. Qc6 Ke7 68. Qc5+ Kd7) 66. Ne2 Bxe2 67. Qxe2 $17 {[%mdl 4096] Endgame KQ-KQ} Qc3 68. Kg2 Qc1 69. Kh2 Qb1 70. Kg2 Qb3 71. Qd2 Qe6 72. Qd8 Qa2+ 73. Kh3 Qa7 74. Qe8 f5 $1 75. Qe5+ Kh7 76. Qe6 Qc7 (76... Qg7 {keeps more tension.} 77. Qd5 Qe7 78. Qd4 Qf7 79. Qd6 Qe8) 77. Qe8 Kg7 78. Qe6 Qc5 79. Qd7+ Kf6 80. Qd8+ Qe7 (80... Kf7 $1 $15) 81. Qd4+ ({White should try} 81. Qg8 $11) 81... Kf7 82. Qc4+ $1 Qe6 83. Qc7+ Ke8 84. Qb8+ Ke7 $1 {Threatens to win with ...f4+.} 85. Qc7+ Qd7 86. Qe5+ Kf7 {And now ...f4+ would win.} 87. Qf4 Qa7 88. Qd6 Qb7 89. Qd8 Qb5 90. Qc7+ Ke6 91. Qc8+ Kd5 {Strongly threatening ...Qf1+.} 92. Qg8+ $2 {[%mdl 8192]} (92. Qa8+ $15 Kc4 93. Qa1) 92... Kc5 $19 93. Qxg6 Qf1+ 94. Kh2 Qe2+ 95. Kh1 Qg4 96. Qg5 $2 (96. Qh6) 96... Kc4 {Black is clearly winning.} 97. Kg2 Kd3 98. Qd8+ Ke2 99. Qd5 Qf3+ 100. Kh2 Kf1 {[%csl Gf1][%cal Rf3g2]} 101. Qa2 Qe2+ {Precision: White = 50%, Black = 53%.} 0-1

[Event "MTS Logistics GM SERIES-7"]
[Site "?"]
[Date "2018.01.07"]
[Round "3.3"]
[White "Kanmazalp, Ogulcan"]
[Black "Baklan, Vladimir"]
[Result "1/2-1/2"]
[WhiteElo "2458"]
[BlackElo "2598"]
[Annotator "TA"]
[PlyCount "63"]
[EventDate "2018.??.??"]
[EventType "schev"]
[EventCountry "TUR"]
[SourceTitle "Izmir"]

{[%evp 27,63,32,39,37,35,51,70,67,77,36,41,31,69,74,81,82,80,28,62,62,63,63,63,63,76,58,62,0,0,0,0,0,0,0,0,0,0,0]} 1. e4 e6 2. d4 d5 3. Nc3 Nf6 4. Bg5 Be7 5. e5 Nfd7 6. Bxe7 Qxe7 7. f4 O-O 8. Nf3 c5 9. dxc5 Nc6 10. Bd3 f6 11. exf6 Qxf6 12. g3 Nxc5 13. O-O Bd7 {C14: French: Classical System: 4 Bg5 Be7 main line} 14. Bb5 Ne7 {[#] LiveBook: 3 Games} 15. Qd4 $146 ({Predecessor:} 15. Bxd7 Nxd7 16. Qd2 Nc5 17. Rae1 Rac8 18. Ne5 Rfd8 19. Rf2 Nf5 20. Ng4 Qg6 21. Ne5 Qf6 22. Ng4 Qg6 23. Ne5 {½-½ (23) Kovchan,A (2587)-Danin,A (2559) Dresden 2017}) 15... Qxd4+ {White is slightly better.} 16. Nxd4 {Threatens to win with Bxd7.} Nc6 17. Bxc6 bxc6 18. Nb3 Nxb3 19. axb3 c5 20. Ra5 Rfc8 21. Rfa1 Rc7 22. Na4 ({White should play} 22. Kf2 $16) 22... Bxa4 23. R1xa4 $11 {[%mdl 4096] Endgame KRR-KRR} c4 24. bxc4 dxc4 25. Kf2 Rb8 26. Ra2 ({Much worse is} 26. Rxa7 Rxa7 27. Rxa7 Rxb2 $15) 26... c3 27. bxc3 ({White should try} 27. b3 $14) 27... Rxc3 {The position is equal.} 28. Ke2 Rbc8 29. Kd2 R8c7 30. Rxa7 Rxc2+ $1 31. Rxc2 Rxa7 32. Ke2 {Precision: White = 50%, Black = 67%.} 1/2-1/2

[Event "MTS Logistics GM SERIES-7"]
[Site "?"]
[Date "2018.01.07"]
[Round "3.4"]
[White "Gokerkan, Cem Kaan"]
[Black "Hracek, Zbynek"]
[Result "0-1"]
[WhiteElo "2422"]
[BlackElo "2591"]
[Annotator "TA"]
[PlyCount "82"]
[EventDate "2018.??.??"]
[EventType "schev"]
[EventCountry "TUR"]
[SourceTitle "Izmir"]

{[%evp 14,82,29,-2,42,27,37,52,31,22,22,-39,-23,-31,-30,-30,-27,-23,-23,-23,-32,-64,-19,-62,-7,-7,-7,0,-5,-6,0,-42,-56,-43,-55,-68,-53,-53,-20,-114,-35,-96,-95,-139,-16,-25,-16,-16,-16,-16,-16,-22,-25,-33,-35,-29986,-29987,-29980,-29978,-29978,-29979,-29979,-29980,-29980,-29981,-29981,-29982,-29983,-29984,-29985,-29986]} 1. e4 e6 2. d3 c5 3. g3 Nc6 4. Bg2 d5 5. Nd2 Nf6 6. Ngf3 Be7 7. O-O b5 8. Re1 a5 {C00: French: Unusual White 2nd moves} (8... Bb7 9. exd5 Nxd5 10. c4 Nb6 11. cxb5 Nb4 12. Ne5 Bxg2 13. Kxg2 Qd5+ 14. Ndf3 Nxa2 15. Nc6 Nb4 16. Nxe7 Kxe7 {1-0 (54) Hauchard,A (2550)-Koykka,P (2351) Pardubice 2017}) 9. exd5 exd5 10. c4 Rb8 {White is slightly better.} 11. cxd5 $146 ({Predecessor:} 11. Ne5 Nxe5 12. Rxe5 Be6 13. Qe2 Qd7 14. cxd5 Nxd5 15. Nb3 Nb4 16. Nxc5 Bxc5 17. Rxc5 {1-0 (43) Berger,S (2140)-Schuett,W (2130) Germany 1999}) 11... Nxd5 12. Ng5 (12. d4 $11) 12... O-O $15 13. Nxh7 Kxh7 14. Qh5+ Kg8 {[#] Threatens to win with ...Ncb4.} 15. Bxd5 Nb4 16. Be4 {[%csl Ge4][%cal Rh5h7]} f5 17. Bg2 $1 Nxd3 18. Re3 Rb6 ({Of course not} 18... Nxc1 19. Rxc1 Bg5 20. Re2 $11) (18... c4 $1 $15) 19. Qe2 $132 {[%mdl 2048] White is not keeping still} Nxc1 20. Rxc1 Bg5 $1 {[%cal Rg5e3]} 21. Rd3 Rd6 22. Rcc3 c4 23. Rxd6 $1 Qxd6 24. Nf3 Bf6 25. Re3 f4 26. Re8 (26. gxf4 $1 $11 Qxf4 27. Ne5) 26... Bf5 (26... Bd7 $17 27. Re4 fxg3 28. hxg3 a4) 27. Rxf8+ ({Better is} 27. Nh4 $15 Bxh4 28. gxh4) 27... Kxf8 $17 28. Nd2 Bxb2 (28... a4 $17 29. Be4 Bd7) 29. Nxc4 $1 $11 bxc4 30. Qxb2 Qd1+ 31. Bf1 Bd3 {[%csl Gd3][%cal Rd1f1]} 32. Qb8+ Kf7 {[%csl Gd3][%cal Rd1f1]} 33. Qb7+ Kg6 {[%csl Gd3][%cal Rd1f1]} 34. Qg2 $2 {[%mdl 8192] [#]} (34. Qc6+ $15 Kh7 35. Qg2) 34... f3 {Black mates.} 35. Qh3 Qxf1+ 36. Qxf1 Bxf1 37. Kxf1 {KP-KP} Kf5 38. Ke1 Kg4 39. h4 c3 40. Kd1 Kh3 41. h5 Kg2 {Precision: White = 34%, Black = 49%.} 0-1

[Event "MTS Logistics GM SERIES-7"]
[Site "?"]
[Date "2018.01.07"]
[Round "3.5"]
[White "Ozen, Deniz"]
[Black "Ivanisevic, Ivan"]
[Result "1/2-1/2"]
[WhiteElo "2413"]
[BlackElo "2575"]
[Annotator "TA"]
[PlyCount "140"]
[EventDate "2018.??.??"]
[EventType "schev"]
[EventCountry "TUR"]
[SourceTitle "Izmir"]

{[%evp 23,140,30,9,0,0,-12,0,-15,6,-25,-17,-36,0,0,0,0,-6,7,20,0,0,0,0,0,0,0,0,0,0,0,0,0,14,0,0,0,0,2,9,0,75,67,77,61,64,0,68,72,85,78,52,55,94,70,94,75,77,78,80,8,57,60,54,56,102,73,81,0,0,0,0,0,24,0,0,0,0,0,0,0,0,0,0,0,0,0,0,-448,-445,-370,-360,-317,0,0,0,0,0,0,0,0,0,0,0,0,0,0,0,0,8,8,8,0,0,0,0,0,0,0,0]} 1. e4 d6 2. d4 Nf6 3. Nc3 e5 4. Nf3 Nbd7 5. Bc4 Be7 6. O-O O-O 7. Re1 c6 8. a4 h6 9. h3 Re8 10. Ba2 {C41: Philidor Defence} exd4 (10... Qc7 11. Nh4 exd4 12. Qxd4 Nf8 13. Qd3 Be6 14. Bxe6 Nxe6 15. Nf5 Bf8 16. Qf3 Nd7 17. Be3 Ne5 {1-0 (59) Grischuk,A (2764)-Jobava,B (2711) Beijing 2012}) 11. Nxd4 Bf8 12. a5 Nc5 {[%cal Rc5e4,Bd7c5,Bc5e6,Be6d4,Bd4f3][%mdl 32] LiveBook: 3 Games} 13. Qf3 d5 {[%cal Rc5e4]} 14. e5 Nh7 $146 {[%cal Bf6h7,Bh7g5,Bg5f3][%mdl 32]} ({Predecessor:} 14... Nfd7 15. Bf4 Ne6 16. Nxe6 Rxe6 17. Nxd5 cxd5 18. Bxd5 {½-½ (58) El Gindy,E (2501)-Belkhodja,S (2439) Cairo 2003}) 15. Bd2 Qh4 16. Nf5 Bxf5 17. Qxf5 Ne6 18. Ne2 Nhg5 19. Qg4 Qxg4 20. hxg4 Bc5 21. Ng3 Nd4 22. Rac1 {[#]} Ndf3+ $1 {[%mdl 512]} 23. gxf3 Nxf3+ 24. Kg2 Nxd2 25. Rcd1 Nc4 $1 {[%cal Rc4e5]} 26. Bxc4 $1 dxc4 27. Rd7 Re7 28. Rxe7 Bxe7 $11 {[%mdl 4096] Endgame KRB-KRN} 29. Re4 Bd8 30. a6 b5 31. Rd4 Bc7 (31... Bb6 $11 32. Rd6 Bc7 33. Rxc6 Bxe5) 32. f4 $16 Rd8 33. Nf5 {Threatens to win with Ne7+.} Kf8 $1 34. Rxd8+ Bxd8 $14 {KB-KN} 35. Nd4 Bb6 36. Nxc6 Ke8 37. Kf3 Kd7 38. Nb4 Bc5 39. Nd5 $1 Kc6 40. Ke4 g6 41. f5 (41. Nf6 $1 $16) 41... gxf5+ 42. gxf5 h5 43. Nf4 h4 {[#]} 44. Nh3 $1 Kd7 45. b3 ({Better is} 45. Ng5 $16) 45... cxb3 $11 46. cxb3 Ba3 47. Ng5 Ke8 48. f6 Bc1 49. Nh3 $1 Kd7 50. Kf5 Kc6 51. e6 fxe6+ 52. Kxe6 Kc5 53. f7 Bh6 54. Kd7 {Hoping for Kc7.} Kb6 55. Ke8 $2 {[%mdl 8192]} (55. b4 $11 {and White is okay.} Kxa6 56. Kc6) 55... Kxa6 $19 56. b4 {If White can now play Nf2 this consolidates a bit.} Kb7 57. Nf2 {[#]} a5 $2 ({Black should play} 57... Bg7 $1 $19 58. Ne4 Kc6) 58. Ng4 $11 {The position is equal.} Bg7 59. Ne3 $1 {[%cal Re3f5]} h3 60. Nf5 h2 61. Nxg7 h1=Q 62. f8=Q {Qe7+ is the strong threat.} Qe4+ 63. Kd7 Qd4+ 64. Ke6 axb4 65. Nf5 Qc4+ 66. Ke5 {White wants to mate with Nd6+.} Qc3+ 67. Ke4 Qc6+ 68. Kd3 Qf3+ 69. Kd2 Qc3+ 70. Ke2 Qc2+ {Precision: White = 71%, Black = 76%.} 1/2-1/2

[Event "MTS Logistics GM SERIES-7"]
[Site "?"]
[Date "2018.01.08"]
[Round "4.1"]
[White "Kozul, Zdenko"]
[Black "Ozen, Deniz"]
[Result "1-0"]
[WhiteElo "2626"]
[BlackElo "2413"]
[Annotator "TA"]
[PlyCount "59"]
[EventDate "2018.??.??"]
[EventType "schev"]
[EventCountry "TUR"]
[SourceTitle "Izmir"]

{[%evp 11,59,22,27,-6,24,12,44,43,41,49,45,12,28,39,60,38,43,43,39,42,53,41,44,44,44,33,35,39,47,16,23,18,104,104,81,78,102,100,98,84,312,321,567,559,546,539,852,781,1494,1466]} 1. Nf3 Nf6 2. g3 d5 3. Bg2 Bf5 4. d3 e6 5. O-O Be7 6. c4 {A07: Réti Opening: New York and Capablanca Systems} O-O {LiveBook: 4 Games} (6... c6 7. Qb3 Qb6 8. Be3 Qxb3 9. axb3 a6 10. Bd4 O-O 11. Bc3 Nbd7 12. b4 Rfe8 13. Nbd2 e5 14. cxd5 Nxd5 {½-½ (31) Bai,J (2585)-Xu,Y (2557) Xinghua 2017}) 7. Qb3 Na6 8. Be3 {White has an edge.} c5 9. Bf4 $146 ({Find the theoretical novelty and annotate with similar games:} 9. Na3 Qb6 10. Nb5 Nb4 11. Qxb4 cxb4 12. Bxb6 axb6 13. cxd5 exd5 {1-0 (52) Malaniuk,V (2430)-Andrianov,N (2435) Severodonetsk 1982}) 9... Qb6 10. Qxb6 axb6 11. Nc3 h6 12. Ne5 {[%cal Rc4d5]} Rad8 13. h3 Nb4 14. g4 Bh7 15. b3 Bd6 16. Bh2 Nc6 17. f4 Bb8 18. Rac1 Ne7 19. Rf2 h5 20. Bf3 (20. cxd5 {NOTEXT} Nexd5 21. Nxd5 exd5 22. Bf3 hxg4 23. hxg4 Rfe8 24. Bg3) 20... hxg4 21. hxg4 Nd7 {[#]} (21... Ne8 $11) 22. Nxd7 $1 $16 Rxd7 23. cxd5 Nxd5 24. Nxd5 exd5 25. f5 {[%cal Bf4f5,Bf5f6][%mdl 32]} g6 $2 {[#]} (25... Bd6 $16 {keeps fighting.}) 26. f6 $18 g5 $2 (26... Bd6 {was called for.} 27. g5 Re8 28. Bxd6 Rxd6) 27. Bxb8 {White is clearly winning.} Rxb8 28. Rh2 c4 29. Kf2 c3 30. Rch1 {Precision: White = 68%, Black = 39%.} 1-0

[Event "MTS Logistics GM SERIES-7"]
[Site "?"]
[Date "2018.01.08"]
[Round "4.2"]
[White "Belov, Vladimir"]
[Black "Soysal, Serkan"]
[Result "1/2-1/2"]
[WhiteElo "2614"]
[BlackElo "2400"]
[Annotator "TA"]
[PlyCount "87"]
[EventDate "2018.??.??"]
[EventType "schev"]
[EventCountry "TUR"]
[SourceTitle "Izmir"]

{[%evp 21,87,26,31,23,28,38,35,28,27,33,37,15,27,38,47,0,0,-24,12,-19,-18,0,0,-35,-25,-31,-35,-63,-36,-55,-31,-40,0,0,0,0,0,0,0,8,25,31,66,66,54,0,0,0,0,0,0,0,0,0,0,0,0,0,0,0,0,-14,-18,-96,-48,-54,-54,-73]} 1. Nf3 d5 2. d4 Nf6 3. c4 c6 4. Nc3 dxc4 5. a4 Bf5 6. e3 {[%cal Be2e3,Be3e4][%mdl 32]} e6 7. Bxc4 Bb4 8. O-O Nbd7 9. Qe2 O-O 10. e4 Bg4 11. Rd1 Qc7 12. h3 {D19: Slav Defence: 5 a4 Bf5 6 e3: Main line with 9 Qe2} Bxf3 (12... Bh5 13. e5 Nd5 14. Bd2 Qa5 15. Rac1 Rae8 16. Nxd5 Bxd2 17. b4 Bxb4 18. Nf4 Bxf3 19. Qxf3 Bd2 20. Rb1 Nb6 {½-½ (89) Dragun,K (2614)-Holt,C (2567) chess.com INT 2017}) 13. Qxf3 e5 14. d5 {White is slightly better.} cxd5 15. Bxd5 Bxc3 16. bxc3 $146 ({Predecessor:} 16. Qxc3 Qxc3 17. bxc3 Nc5 18. Ba3 Rac8 19. Rab1 b6 20. a5 bxa5 {1-0 (35) Ellers,H (2260)-Varga,P (2390) Zalakaros 1997}) 16... Nxd5 17. exd5 Rac8 18. d6 Qc6 $1 19. Qf5 Rfe8 ({Don't play} 19... Qxc3 $6 20. Bh6 $16) 20. Bg5 Re6 21. Be7 a5 ({Of course not} 21... Qxc3 $6 22. Qb1 $16) 22. Rd3 g6 23. Qg5 Qc4 24. Rf3 e4 25. Rg3 Rc5 26. Qh6 Qe2 27. Rb1 Rh5 $1 {[%cal Rh5h6]} 28. Qc1 b6 29. c4 Rc5 30. Rc3 e3 31. fxe3 Re4 {[%cal Re4c4]} 32. Rb2 Qh5 33. Rf2 ({Better is} 33. Rxb6 $14 Nxb6 34. Qb1 Rxe7 35. dxe7) 33... Qe5 $11 34. Rf4 Qe6 35. Kh1 Rce5 {[%cal Bc5e5,Be5e4,Be4c4][%mdl 32]} 36. Rxe4 Rxe4 37. Qd2 Rxc4 38. Qd3 Rxa4 39. Rc8+ Kg7 40. Qc3+ Qe5 {[#] Strongly threatening ...Ra1+.} 41. Qxe5+ Nxe5 42. Rb8 (42. Bd8 $11 Rb4 43. Kh2) 42... f6 43. Rxb6 Kf7 44. Ra6 {Precision: White = 57%, Black = 52%.} 1/2-1/2

[Event "MTS Logistics GM SERIES-7"]
[Site "?"]
[Date "2018.01.08"]
[Round "4.3"]
[White "Baklan, Vladimir"]
[Black "Ozenir, Ekin Baris"]
[Result "1-0"]
[WhiteElo "2598"]
[BlackElo "2370"]
[Annotator "TA"]
[PlyCount "129"]
[EventDate "2018.??.??"]
[EventType "schev"]
[EventCountry "TUR"]
[SourceTitle "Izmir"]

{[%evp 26,129,0,0,26,41,52,45,45,53,46,41,46,47,45,42,42,47,86,52,71,45,54,49,59,60,34,35,35,43,77,77,72,58,135,52,64,60,62,30,58,54,42,50,54,64,81,73,93,93,96,93,156,154,159,156,375,193,210,192,188,160,184,185,179,152,176,184,206,206,281,217,218,213,213,215,231,218,226,149,136,139,193,194,251,247,297,294,385,376,778,988,924,833,672,662,5093,4120,2816,2593,1905,1741,29967,29967,6415,6383]} 1. e4 e6 2. d4 d5 3. Nc3 dxe4 4. Nxe4 Bd7 5. Nf3 Bc6 6. Bd3 Nd7 7. O-O Ngf6 8. Ned2 Be7 9. c4 O-O 10. Qe2 b6 11. b3 Bb7 12. Bb2 {C10: French with 3 Nc3: Unusual Black 3rd moves and 3...dxe4} c5 13. Rad1 cxd4 14. Nxd4 {LiveBook: 4 Games. The position is equal.} Re8 (14... Qc7 15. N2f3 Nc5 16. Bc2 Rad8 17. h3 {½-½ (17) Azarov,S (2635)-Miton,K (2601) Czechia 2014}) 15. Ne4 Qc8 $146 ({Find the theoretical novelty and annotate with similar games:} 15... Nxe4 16. Bxe4 Bxe4 17. Qxe4 {0-1 (64) Tarhon,B (1828)-Kourtseva,J (1761) Brighton 2012}) 16. Nb5 Qc6 {[%cal Rf6e4]} 17. f3 {[%cal Bf2f3,Bf3f4][%mdl 32]} Red8 18. Nbd6 (18. Kh1 {NOTEXT} Ne8 19. Nd4 Qc8 20. Bc2 a6 21. Nf2) 18... Ne8 19. Nxb7 Qxb7 20. Kh1 Rac8 21. f4 Nef6 22. Ng5 Nf8 23. Nf3 Ng6 24. g3 Re8 25. Qg2 Ng4 {Black wants to play ...Ne3.} 26. Rde1 {Strongly threatening f5.} Bc5 27. Bc1 f5 28. Re2 Rcd8 29. Bc2 b5 {[#]} (29... Qc8 $14) 30. h3 (30. Ng5 $1 $16 Qd7 31. h3) 30... Nf6 $14 {[%cal Bg4f6,Bf6d5,Bd5b4,Bb4d3][%mdl 32]} 31. Ne5 Qb6 32. cxb5 Qxb5 33. Nc4 Nd5 34. Bb2 Nb4 35. Bb1 Nd3 36. Ba1 a5 37. Qf3 Nb4 38. Rfe1 Qd7 ({Black should play} 38... Kf7) 39. Nxa5 $16 Nd3 {[#]} 40. Rf1 $1 {aiming for Nb7.} Qb5 $2 (40... e5 $16 {was called for.}) 41. Nc4 (41. Qb7 $142 Qxb7+ 42. Nxb7) 41... Nb4 $18 42. Rfe1 Qd7 43. h4 Nf8 44. Kh2 Nc6 45. Ne5 Nxe5 46. Bxe5 Qb5 47. Bc3 Rd5 48. Re5 Red8 49. Rxd5 Rxd5 50. Rd1 Rxd1 51. Qxd1 Qc6 52. Bb2 Nd7 53. Bd3 Nb6 (53... Nf6 $16 54. Be2 Kf7) 54. Be2 Be7 (54... Nd5 $142 55. a4 Ne3) 55. Bf3 $40 {[%mdl 128] White has strong attack.} Qc5 {White must now prevent ...Qf2+.} 56. Qd4 Qxd4 57. Bxd4 Nd5 $2 (57... Nc8 58. a4 Bb4) 58. Bxd5 exd5 {[%mdl 4096] Endgame KB-KB} 59. a4 {[%cal Ba2a4,Ba4a5,Ba5a6,Ba6a7][%mdl 32] And now a5 would win.} Bb4 60. Bb6 Kf7 61. a5 d4 62. Kg2 d3 63. Kf3 Ke6 64. a6 Kd7 65. a7 {Precision: White = 79%, Black = 41%.} 1-0